Statystyki dla Wszystkie płyty raperów

Kliknij tutaj aby rozwiązać quiz!

Ogólne statystyki

  • Ten quiz został rozwiązany 26 razy
  • Średni wynik to 76 z 166

Statystyki odpowiedzi

Artysta/ArtyściPłyta% Poprawnych
White 2115Rockstar
100%
Mata100 dni do matury
93%
Bedoes & Kubi ProducentAby Śmierć Miała Znaczenie
93%
QuebonafideEgzotyka
93%
OtsochodziNowy Kolor
93%
Bedoes & LanekOpowieści z Doliny Smoków
93%
Bedoes & LanekRewolucja Romantyczna
93%
TACONAFIDESoma 0,5 mg
93%
Young Igi & Żabson | Żabson & Young Igiamfisbena
86%
Białas & White 2115 | White 2115 & BiałasDiamentowy Las
86%
Taco HemingwayEuropa
86%
Quebonafide & BiałasEzoteryka
86%
Taco HemingwayJarmark
86%
Taco HemingwayMarmur
86%
White 2115Młody Książę
86%
MataMłody Matczak
86%
White 2115Rockstar: Do Zachodu Słońca
86%
2115Rodzinny Biznes
86%
QuebonafideRomantic Psycho
86%
OtsochodziTarcho Terror
86%
BiałasH8
79%
Oki, Young Igi, Otsochodzi | Otsochodzi, Young Igi, Oki | Young Igi, Otsochodzi, OkiOIO
79%
White 2115Pretty Boy
79%
OkiPRODUKT47
79%
Taco HemingwayTrójkąt Warszawski
79%
Oki47playground
71%
RetoBOA
71%
Jan-RapowanieBufor
71%
QuebonafideEklektyka
71%
BiałasH8M4
71%
KizoJeszcze 5 Minut
71%
Bedoes & Kubi ProducentKwiat Polskiej Młodzieży
71%
White 2115Pretty Girl
71%
SobelPułapka na Motyle
71%
Taco HemingwaySzprycer
71%
ŻabsonTo Ziomal
71%
Jan-Rapowanie & NocnyUśmiech
71%
Taco HemingwayWosk
71%
Mata100 dni po maturze
64%
SzpakuAtypowy
64%
Taco HemingwayCafe Belga
64%
Szpaku & Kubi ProducentDzieci Duchy
64%
Taco HemingwayFlagey
64%
MataFumar Mata
64%
ŻabsonInternaziomal
64%
OtsochodziMiłość
64%
Jan-Rapowanie & NocnyPlansze
64%
GuziorPLEŚŃ
64%
Białas & LanekPOLON
64%
KizoPosejdon
64%
Taco HemingwayUmowa o Dzieło
64%
Bedoes & Lanek2114
57%
Otsochodzi7
57%
Szpaku & 2KBORuto
57%
RetoDAMN.
57%
SzpakuDom Dla Zmyślonych Przyjaciół Pana Mateusza
57%
QryDzieci w Samochodach
57%
Malik MontanaImport / Export
57%
RetoKRUK
57%
Taco HemingwayPocztówka z WWA, Lato '19
57%
SzpakuRóźowa Pantera
57%
TACONAFIDE0,25 mg
50%
Reto & Borixon420024
50%
Oki77747mixtape
50%
Reto & ZetHa & WroobelBON APPETIT
50%
QuebonafideDla fanów eklektyki
50%
BiałasH8M5
50%
Kizo & BeMeloOstatni Taniec
50%
Malik MontanaTijara
50%
Young IgiTrappist
50%
RetoW samo południe
50%
ŻabsonZiomalski Mixtape
50%
Otsochodzi2011
43%
Bedoes & Lanek2119
43%
KizoCzempion
43%
GuziorEVIL_THINGS
43%
Kizo & JongmenHEAVYWEIGHT
43%
BeteoHoodie
43%
Malik Montana & DihoNaaajak
43%
Jan-Rapowanie & NocnyNOCNA ZMjANA
43%
KizoPegaz
43%
Qry & ZetHaResoraki
43%
OtsochodziSlam
43%
Białas & Solar | Solar & BiałasZ Ostatniej Ławki
43%
Oki47universe
36%
Sarius & GibbsAntihype
36%
SariusAntihype 2
36%
Białas & LanekHYPER2000
36%
Białas & LanekIn Hajs We Trust 2
36%
Young IgiKonfetti
36%
Young IgiNotatki z Marginesu
36%
KizoOrtalion
36%
BeteoPalma na Blokach
36%
ŻabsonTrapollo
36%
Taco HemingwayYoung Hems
36%
OlszakumpelBig Belly Boy
29%
Białas & Quebonafide | QuebonafideDemówka
29%
Malik MontanaHaram Masari
29%
Białas & LanekIn Hajs We Trust 3: Ostateczne Rozliczenie
29%
OkiJeżyk EP
29%
Kabe & OpiatKing Kong
29%
SobelKontrast
29%
Olszakumpelkumpel
29%
Białas & Solar | Solar & Białas#nowanormalnosc
29%
BeteoNowy Pop
29%
SariusPierwszy Dzień Po Końcu Świata
29%
Young IgiSkan Myśli
29%
GuziorylloM
29%
Kabe & MiszelZłote Przeboje
29%
KizoZłoto i Biel
29%
BeteoBejbi
21%
SariusczaseM
21%
GuziorEvil Twin
21%
BiałasGłowa Rodziny
21%
Retogood7uck
21%
SolarKlub 27
21%
ŻabsonNie Kumam
21%
ŻabsonPassion Fruits
21%
SolarPokój zero
21%
BiałasRehab
21%
BedoesSquadshits
21%
Białas & Solar | Solar & BiałasStage Diving
21%
Białas & KazzamZakazane Owoce
21%
Kabe & OpiatAlbinos
14%
SariusDaleko Jeszcze?
14%
QryDroga Snów
14%
Young Igi!G! TAPE #1
14%
BeteoJeden jedyny
14%
SzpakuMłody Simba
14%
SzpakuMłody Simba Mixtape
14%
Kabe & OpiatMowgli
14%
BiałasMurem za Bonusem
14%
BeteoNowy Rap
14%
OkiOki & Nearr
14%
Sarius & GibbsWszystko co złe
14%
Malik Montana & Dio Mudara022
7%
SariusBlisko Leży Obraz Końca
7%
Young IgiBonus EP
7%
QryDeszcz EP
7%
SariusGdzieś To Już Słyszałem. Mixtape
7%
Sarius & VoskovyI Żyli Krótko i Szczęśliwie
7%
Białas & Solar | Solar & BiałaspersEPktywa
7%
Białas & LanekprePOLON
7%
SariusWszystko Dobrze
7%
Sarius & SoulpeteZero Starań
7%
Sarius & Voskovy & W.E.N.A.Złe Towarzystwo
7%
QuebonafideDla fanek eurofii
0%
Solar & Tom B.HydraElicy
0%
SolarIskry Mixtape
0%
BiałasKlik Klaki Mixtape
0%
Białas & Solar | Solar & BiałasLuźna Pięta
0%
Jan-Rapowanie & SzymanNajwyżej się przeprosi
0%
BiałasPiona
0%

Rozkład punktacji

Percentyl według liczby udzielonych odpowiedzi

Procent ludzi z każdym wynikiem

Twoja historia wyników

Nie rozwiązałeś tego quizu